000 00661nam a2200241Ia 4500
003 OSt
005 20221006145517.0
006 a|||||r|||| 00| 0
007 ta
008 221006b |||||||| |||| 00| 0 eng d
020 _cP6.00
024 _a15,111
037 _cTextual
040 _aEASL
_cEASL
_beng
041 _2eng
_aeng
082 _aV410bX:275.N34, L1
100 _aHSU King-Yi
_9654627
245 0 _aAgrarian politics of the Chinese Soviet republic 1931-1934
260 _an
_bIndiana University
_c1971
300 _a538p.
_ccm.
942 _hV410bX:275.N34, L1
_cTEXL
_2CC
999 _c1083197
_d1083197